Home Print Resources E-Books E-Journals IIMT Lecture Series Library Membership Form Book Recommendation Form Campus Tour Take AdmissionAbout Us Contact Us

Mgmt. Of Phy Education & sports (Record no. 27504)

000 -LEADER
fixed length control field 00387nam a2200169Ia 4500
003 - CONTROL NUMBER IDENTIFIER
control field OSt
005 - DATE AND TIME OF LATEST TRANSACTION
control field 20240116112346.0
008 - FIXED-LENGTH DATA ELEMENTS--GENERAL INFORMATION
fixed length control field 170620s9999 xx 000 0 und d
020 ## - INTERNATIONAL STANDARD BOOK NUMBER
International Standard Book Number 8175243090
040 ## - CATALOGING SOURCE
Transcribing agency IIMT UNIVERSITY
100 ## - MAIN ENTRY--PERSONAL NAME
Personal name Sharma.J.P
245 #0 - TITLE STATEMENT
Title Mgmt. Of Phy Education & sports
260 ## - PUBLICATION, DISTRIBUTION, ETC.
Name of publisher, distributor, etc. New delhi.Khel.S.k
260 ## - PUBLICATION, DISTRIBUTION, ETC.
Date of publication, distribution, etc. 2005
300 ## - PHYSICAL DESCRIPTION
Extent 452
942 ## - ADDED ENTRY ELEMENTS (KOHA)
Source of classification or shelving scheme
Koha item type Reference Book
Holdings
Withdrawn status Lost status Source of classification or shelving scheme Damaged status Not for loan Home library Current library Date acquired Total Checkouts Barcode Date last seen Price effective from Koha item type
          IIMT University College of Education-B.P.Ed IIMT University College of Education-B.P.Ed 07/01/2017   17-B-221 07/01/2017 07/01/2017 Text-Book- for 7 days
          IIMT University College of Education-B.P.Ed IIMT University College of Education-B.P.Ed 07/01/2017   17-B-222 07/01/2017 07/01/2017 Text-Book- for 7 days
          IIMT University College of Education-B.P.Ed IIMT University College of Education-B.P.Ed 07/01/2017   17-B-223 07/01/2017 07/01/2017 Text-Book- for 7 days
          IIMT University College of Education-B.P.Ed IIMT University College of Education-B.P.Ed 07/01/2017   17-B-224 07/01/2017 07/01/2017 Text-Book- for 7 days
          IIMT University College of Education-B.P.Ed IIMT University College of Education-B.P.Ed 07/01/2017   17-B-225 07/01/2017 07/01/2017 Text-Book- for 7 days
          IIMT University College of Education-B.P.Ed IIMT University College of Education-B.P.Ed 07/01/2017   17-B-226 07/01/2017 07/01/2017 Text-Book- for 7 days
          IIMT University College of Education-B.P.Ed IIMT University College of Education-B.P.Ed 07/01/2017   17-B-227 07/01/2017 07/01/2017 Text-Book- for 7 days
          IIMT University College of Education-B.P.Ed IIMT University College of Education-B.P.Ed 07/01/2017   17-B-228 07/01/2017 07/01/2017 Text-Book- for 7 days
          IIMT University College of Education-B.P.Ed IIMT University College of Education-B.P.Ed 07/01/2017   17-B-229 07/01/2017 07/01/2017 Text-Book- for 7 days
          IIMT University College of Education-B.P.Ed IIMT University College of Education-B.P.Ed 07/01/2017   17-B-230 07/01/2017 07/01/2017 Text-Book- for 7 days
IIMT, Central Library. All Rights Reserved IIMT,UNIVERSITY © 2023
Implemented and Customised by I CLOUDE EMS
You Are OPAC Visitor No
free web counter

Powered by Koha